• 首页
  • 本馆介绍
  • 公告通知
  • 最新文献
  • 馆藏检索
  • 电子资源
  • 读者导购
  • 参考咨询
  • 我的图书馆
  • 登录
  • 详细信息显示
  • 放入我的书架
  • 预约/预借图书
  • 作者相关作品
  • 分类相关作品
  • 丛书相关作品
  • 出版社相关作品

书目信息

  • 表格格式
  • 工作单格式
  • 卡片格式
题名:
红色风暴之谜
    
 
作者: 张建华 著
分册:  
出版信息: 北京   中国城市出版社  2003.01
页数: 408页
开本: 21cm
丛书名: 红色风暴系列
单 册:
中图分类: K512.07
科图分类:
主题词: 历史
电子资源:
ISBN: 7-5074-1487-6
000 01061oam2 2200289 450
001 002314658
005 20070920150507.80
010    @a7-5074-1487-6@dCNY24.00
100    @a20030303d2003 emky0chiy0110 ea
101 0  @achi
102    @aCN@b110000
105    @ay z 000yy
200 1  @a红色风暴之谜@AHong Se Feng Bao Zhi Mi@e破解从俄国到苏联的神话@EPo Jie Cong E Guo Dao Su Lian De Shen Hua@f张建华等著@FZhang Jian Hua Deng Zhu
210    @a北京@c中国城市出版社@d2003.01
215    @a408页@d21cm
225 2  @a红色风暴系列
314    @a张建华(1962~),北京师范大学历史学系副教授,中国苏联东欧史学会理事和中国国际关系史学会理事,著有《红色风暴之谜:破解从俄国到苏联的神话》。
330    @a红色风暴起源于18世纪的彼得大帝时期,持续爆发于整个俄国和苏联时代,本书破解从俄国到苏联的神话之谜。
410  0 @12001 @a红色风暴系列
606 0  @a历史
607    @a俄罗斯@x历史@x研究
607    @a俄罗斯
690    @aK512.07@v4
701  0 @a张建华@AZhang Jian Hua@4著
801  0 @aCN@bNLC@c20070920
905    @aBZT@dK512.07@e2
906    @dCNY24.00@n0@r1
    
    红色风暴之谜:破解从俄国到苏联的神话/张建华等著.-北京:中国城市出版社,2003.01
    408页;21cm.-(红色风暴系列)
    
    
    ISBN 7-5074-1487-6:CNY24.00
    红色风暴起源于18世纪的彼得大帝时期,持续爆发于整个俄国和苏联时代,本书破解从俄国到苏联的神话之谜。
●
相关链接 在五车中查询图书 在当当中查询图书 在豆瓣中查询图书


正题名:红色风暴之谜     索取号:K512.07/2         预约/预借

序号 登录号 条形码 馆藏地/架位号 状态 备注
1 583271   230153858   中心书库南/020架B面4层4列/ [索取号:K512.07/2] 在馆    
2 583272   230153861   中心书库南/020架B面4层4列/ [索取号:K512.07/2] 在馆    
3 583273   230153862   中心书库南/020架B面4层4列/ [索取号:K512.07/2] 在馆    
4 583274   230153860   中心书库南/020架B面4层4列/ [索取号:K512.07/2] 在馆    
5 583275   230153859   中心书库南/020架B面4层4列/ [索取号:K512.07/2] 在馆    
山东省滨州职业学院图书馆 欢迎您!
大连网信软件有限公司© 版权所有